Countries by Third Most Populous City - Statistics

General Stats
  • This quiz has been taken 185 times
    57 since last reset
  • The average score is 17 of 20
Answer Stats
Cities Countries % Correct
Vancouver Canada
100%
Osaka Japan
100%
Chicago United States
100%
Lyon France
98%
Munich Germany
98%
Valencia Spain
98%
Manchester United Kingdom
98%
Brisbane Australia
96%
Belo Horizonte Brazil
93%
Kolkata India
91%
Odessa Ukraine
87%
Rosario Argentina
84%
Luxor Egypt
84%
Da Nang Vietnam
82%
Cali Colombia
75%
Durban South Africa
75%
Cebu City Philippines
64%
Ibadan Nigeria
51%
Mbuji-Mayi D.R. Congo
42%
Herat Afghanistan
40%
No matching quizzes found
Score Distribution
Percent of People with Each Score
Percentile by Number Answered
Your Score History
You have not taken this quiz since the last reset